000 00599nam a2200253Ia 4500
005 20250425162325.0
008 250425s9999 xx 000 0 und d
020 _a8497560019
041 _aspa
043 _asp
082 _a664
100 _aPEREZ OREJA, NURIA
245 0 _aTECNICAS CULINARIAS
250 _a1A ED.
260 _aEspaƱa
_bSINTESIS
_c2004
260 _aMADRID
300 _a217
650 _aELABORACION DE ALIMENTOS
650 _aTECNOLOGIA DE ALIMENTOS
700 _aMAYOR RIVAS, GUSTAVO
700 _aNAVARRO TOMAS, VICTOR
942 _c01
010 _a62276
999 _c226897
_d226897